| 000 | 00699 a2200217 4500 | ||
|---|---|---|---|
| 003 | OSt | ||
| 005 | 20180116182900.0 | ||
| 008 | 160504b xxu||||| |||| 00| 0 eng d | ||
| 020 | _a0201526018 (paperback) | ||
| 020 | _a9780201526011 (paperback) | ||
| 040 | _c0 | ||
| 082 | _a 658 WEL 1992 | ||
| 100 | _aBen D. Welch | ||
| 245 | 0 | 0 |
_aInstructor's Resource Manual Management _cBen D. Welch |
| 250 | _a6th ed. | ||
| 260 |
_a[S.l.] : _bAddison Wesley Longman Publishing Co, _c1992. |
||
| 300 | _a1 v. (unpaged) | ||
| 440 | _aInstructor's Resource Manual Management | ||
| 856 | 4 | 0 |
_3Amazon.com _uhttp://www.amazon.com/exec/obidos/ASIN/0201526018/chopaconline-20 |
| 942 |
_aNBS _cBK _k658 WEL _2ddc |
||
| 999 |
_c347723 _d347723 |
||